Statistiques concernant Célèbres actrices et acteurs français (A-Z)

Cliquez ici pour prendre le quiz!

Statistiques générales

  • Ce quiz a été pris 514 fois
  • Le résultat moyen est 12 sur 19

Statistiques - réponses

Lettre Films Acteur/trice % Correct
DLa Grande Vadrouille / Le Gendarme de Saint-TropezLouis de Funès
97%
JLe père Noël est une ordure / Les ChoristesGérard Jugnot
89%
BLe Corniaud / La Grande VadrouilleBourvil
89%
RLes Visiteurs / Le Grand BleuJean Reno
87%
CL'Aile ou la Cuisse / Tchao PantinColuche
87%
LLes Bronzés / Le Dîner de consThierry Lhermitte
81%
FLe Petit Monde de don Camillo / La Vache et le PrisonnierFernandel
80%
ELa Vérité si je mens ! / ChouchouGad Elmaleh
76%
TLe Fabuleux Destin d'Amélie Poulain / Un long dimanche de fiançaillesAudrey Tautou
73%
ALes Sous-doués / Jean de FloretteDaniel Auteuil
65%
GLes Misérables / La Traversée de ParisJean Gabin
62%
NLe Vieux Fusil / Les RipouxPhilippe Noiret
55%
MLa Folie des grandeurs / César et RosalieYves Montand
54%
VLe Gorille vous salue bien / Les Tontons flingueursLino Ventura
53%
KLa Haine / Les Rivières pourpresMathieu Kassovitz
41%
WHiver 54,l'abbé Pierre / Des hommes et des dieuxLambert Wilson
41%
SDédée d'Anvers / Casque d'orSimone Signoret
33%
PLa Chartreuse de Parme / Fanfan la TulipeGérard Philippe
30%
HLes Valseuses / Madame BovaryIsabelle Huppert
23%

Distribution des résultats

Percentile par nombre de réponses

% des personnes avec chaque résultat

Votre développement - résultats

Vous n’avez pas pris ce quiz